Engineering ethics : (Record no. 191403)

MARC details
000 -LEADER
fixed length control field 00820nam a2200253Ia 4500
003 - CONTROL NUMBER IDENTIFIER
control field OSt
005 - DATE AND TIME OF LATEST TRANSACTION
control field 20260123152155.0
008 - FIXED-LENGTH DATA ELEMENTS--GENERAL INFORMATION
fixed length control field 210716s2010 xx 000 0 und d
020 ## - INTERNATIONAL STANDARD BOOK NUMBER
International Standard Book Number 9788120325784
040 ## - CATALOGING SOURCE
Transcribing agency AIMIT LIBRARY
041 ## - LANGUAGE CODE
Language code of text/sound track or separate title eng
082 ## - DEWEY DECIMAL CLASSIFICATION NUMBER
Classification number 174.962
Edition number 1
Item number GOVM
100 ## - MAIN ENTRY--PERSONAL NAME
Personal name Govindarajan, M.
9 (RLIN) 252434
245 ## - TITLE STATEMENT
Title Engineering ethics :
Remainder of title includes human values /
Statement of responsibility, etc. By M Govindarajan , S Natarajan and V S Senthilkumar.
250 ## - EDITION STATEMENT
Edition statement 1st ed.
260 ## - PUBLICATION, DISTRIBUTION, ETC.
Place of publication, distribution, etc. New Delhi :
Name of publisher, distributor, etc. PHI Learning Pvt Ltd ,
Date of publication, distribution, etc. 2010.
300 ## - PHYSICAL DESCRIPTION
Extent xxii,181p. ;
Other physical details PB
Dimensions 24.6 cm
650 ## - SUBJECT ADDED ENTRY--TOPICAL TERM
Topical term or geographic name entry element Understanding ethics
9 (RLIN) 252435
650 ## - SUBJECT ADDED ENTRY--TOPICAL TERM
Topical term or geographic name entry element Moral reasoning and ethical theories
9 (RLIN) 252436
650 ## - SUBJECT ADDED ENTRY--TOPICAL TERM
Topical term or geographic name entry element Global issues
9 (RLIN) 252437
700 ## - ADDED ENTRY--PERSONAL NAME
Personal name Natarajan, S.
9 (RLIN) 252438
700 ## - ADDED ENTRY--PERSONAL NAME
Personal name Senthikumar, V S.
9 (RLIN) 252439
942 ## - ADDED ENTRY ELEMENTS (KOHA)
Source of classification or shelving scheme Dewey Decimal Classification
Koha item type Book
Edition 1st
Call number prefix 174.962 GOVM
Holdings
Withdrawn status Lost status Source of classification or shelving scheme Damaged status Not for loan Collection code Home library Current library Source of acquisition Cost, normal purchase price Inventory number Total Checkouts Full call number Barcode Date last seen Cost, replacement price Price effective from Koha item type
    Dewey Decimal Classification     MCA St Aloysius Institute of Management & Information Technology St Aloysius Institute of Management & Information Technology Biblios Book Point 175.00 Bill no:1147; Bill dt:2011-07-20   174.962 GOVM MCA10911 05/23/2026 131.25 07/16/2021 Book